Pasado y presente : (Record no. 181494)

MARC details
000 -LEADER
campo de control de longitud fija 01151nam a2200301 i 4500
001 - NÚMERO DE CONTROL
campo de control 181494
003 - IDENTIFICADOR DE NÚMERO DE CONTROL
campo de control ES-MaACL
005 - FECHA Y HORA DE LA ÚLTIMA TRANSACCIÓN
campo de control 20250902225547.0
008 - DATOS DE LONGITUD FIJA--INFORMACIÓN GENERAL
campo de control de longitud fija 130123s2011 sp a |||| | spa d
020 ## - NÚMERO INTERNACIONAL ESTÁNDAR DEL LIBRO
Número Internacional Estándar del Libro 978-84-92937-14-1
080 ## - NÚMERO DE LA CLASIFICACIÓN DECIMAL UNIVERSAL
Número de la Clasificación Decimal Universal 338.124(100)"1929"
080 ## - NÚMERO DE LA CLASIFICACIÓN DECIMAL UNIVERSAL
Número de la Clasificación Decimal Universal 338.124(100)"2008/..."
080 ## - NÚMERO DE LA CLASIFICACIÓN DECIMAL UNIVERSAL
Número de la Clasificación Decimal Universal 336.1(460)"2004/11"
245 00 - MENCIÓN DEL TÍTULO
Título Pasado y presente :
Resto del título de la Gran Depresión del siglo XX a la Gran Recesión del siglo XXI /
Mención de responsabilidad, etc. edición a cargo de Pablo Martín-Aceña ; Jordi Palafox Gamir, Michael D. Bordo, Harold James ... [et al.].
250 ## - MENCION DE EDICION
Mención de edición 1ª ed.
260 ## - PUBLICACIÓN, DISTRIBUCIÓN, ETC.
Lugar de publicación, distribución, etc. Bilbao :
Nombre del editor, distribuidor, etc. Fundación BBVA,
Fecha de publicación, distribución, etc. 2011.
300 ## - DESCRIPCIÓN FÍSICA
Extensión 383 p. :
Otras características físicas gráf. ;
Dimensiones 24 cm.
504 ## - NOTA DE BIBLIOGRAFÍA, ETC.
Nota de bibliografía, etc. Referencias bibliográficas.
650 04 - PUNTO DE ACCESO ADICIONAL DE MATERIA--TÉRMINO DE MATERIA
Término de materia o nombre geográfico como elemento de entrada Crisis económicas-
Subdivisión cronológica 1929.
9 (RLIN) 11422
650 #0 - PUNTO DE ACCESO ADICIONAL DE MATERIA--TÉRMINO DE MATERIA
Término de materia o nombre geográfico como elemento de entrada Crisis económicas- 2008
9 (RLIN) 236570
651 #4 - PUNTO DE ACCESO ADICIONAL DE MATERIA--NOMBRE GEOGRÁFICO
Nombre geográfico España-
Subdivisión general Situación económica-
Subdivisión cronológica 2004-2011.
9 (RLIN) 152135
700 1# - ENTRADA AGREGADA--NOMBRE PERSONAL
Nombre de persona Martín Aceña, Pablo.
9 (RLIN) 77383
700 1# - ENTRADA AGREGADA--NOMBRE PERSONAL
Nombre de persona Palafox Gamir, Jordi.
9 (RLIN) 152136
710 2# - ENTRADA AGREGADA--NOMBRE DE ENTIDAD CORPORATIVA
Nombre de entidad corporativa o nombre de jurisdicción como elemento de entrada Fundación BBVA
9 (RLIN) 4230
852 ## - LOCALIZACIÓN
Ubicación ES-MaACL
Número de control de estantería A-12564
itemnumber 188395
Sublocalización o colección R.148716
Ubicación en estantería Depósito 1
Signatura antigua Olim: N-5567
942 ## - ELEMENTOS DE ENTRADA SECUNDARIOS (KOHA)
Fuente del sistema de clasificación o colocación Clasificación decimal universal
Tipo de ítem Koha Libro impreso
Holdings
Estatus retirado Estado de pérdida Fuente del sistema de clasificación o colocación Estado de daño No para préstamo Biblioteca de origen Biblioteca actual Ubicación en estantería Fecha de adquisición Fuente de adquisición Total de préstamos Signatura topográfica completa Código de barras Visto por última vez Precio de reemplazo Tipo de ítem Koha
    Clasificación decimal universal     Biblioteca del Ateneo de Madrid Biblioteca del Ateneo de Madrid Depósito 1 23/01/2013 Donación   A-12564 1190734 23/02/2023 23/02/2023 Libro impreso